| 000 | 00911cam a2200229 4500 | ||
|---|---|---|---|
| 001 | WB3736-06 | ||
| 008 | 010927n2001 000 0 eng u | ||
| 035 | _a(Sirsi) u114874 | ||
| 245 | _aFocus on sustainable construction | ||
| 260 | _c2001 | ||
| 490 |
_aContract Journal _v410(6346) 26 September 2001, 3(1) |
||
| 520 | _aThe Local Government Task Force (LGTF) has created Wellbuilt! a working group to promote sustainable construction practices among local authorities. Wellbuilt! aims to create a network of local authority officers who will support and disseminate best practice in sustainable construction. | ||
| 590 | _aWB | ||
| 650 | _aSUSTAINABLE CONSTRUCTION | ||
| 650 | _aBEST PRACTICE | ||
| 650 | _aLOCAL AUTHORITIES | ||
| 650 | _aLOCAL GOVERNMENT TASKFORCE | ||
| 650 | _aEGAN REFORMS | ||
| 650 | _aENVIRONMENTAL ISSUES | ||
| 690 | _aBUILDING AND CONSTRUCTION-SUSTAINABLE | ||
| 942 | _n0 | ||
| 999 |
_c68404 _d68404 |
||